000 00270nam a22001337a 4500
020 _a978-93-80828-51-0
082 _a158
_bLEM/B
100 _aLEMAN,KEVIN
245 _aBORN TO WIN
260 _aNEW DELHI
_bVITASTA
300 _a284
650 _zNEW DELHI
942 _cBK
999 _c5614
_d5614